| 000 | 00844nam a2200301Ia 4500 | ||
|---|---|---|---|
| 005 | 20250425161856.0 | ||
| 008 | 250425s9999 xx 000 0 und d | ||
| 020 | _a9580406944 | ||
| 041 | _aspa | ||
| 043 | _asp | ||
| 082 | _a658.314 | ||
| 100 | _aNASH, MICHAEL | ||
| 245 | 0 | _aCOMO INCREMENTAR LA PRODUCTIVIDAD DEL RECURSO HUMANO: MEDIANTE TECNICAS QUE ABARCAN TODA LA RELACION LABORAL | |
| 250 | _a4A ED. | ||
| 260 | _aBARCELONA | ||
| 260 |
_aEspaña _bGRUPO EDITORIAL NORMA _c1992 |
||
| 300 | _a281 | ||
| 500 | _aTítulo Traducido: MAKING PEOPLE PRODUCTIVE | ||
| 650 | _aDESEMPEÑO | ||
| 650 | _aMOTIVACION | ||
| 650 | _aPRODUCTIVIDAD | ||
| 650 | _aRECURSOS HUMANOS-DESARROLLO | ||
| 650 | _aRELACIONES LABORALES | ||
| 700 |
_aADRIANA ARIAS DE HASSA _etraductor |
||
| 710 | _aNORMA | ||
| 942 | _c01 | ||
| 010 | _a33287 | ||
| 999 |
_c217914 _d217914 |
||